Three Decades of Development Crises in Nigeria. (Record no. 3671)

MARC details
000 -LEADER
fixed length control field 00517nam a22001937a 4500
003 - CONTROL NUMBER IDENTIFIER
control field OSt
005 - DATE AND TIME OF LATEST TRANSACTION
control field 20160420180701.0
008 - FIXED-LENGTH DATA ELEMENTS--GENERAL INFORMATION
fixed length control field 160420b xxu||||| |||| 00| 0 eng d
020 ## - INTERNATIONAL STANDARD BOOK NUMBER
International Standard Book Number 9782601128
040 ## - CATALOGING SOURCE
Transcribing agency DDC.
082 ## - DEWEY DECIMAL CLASSIFICATION NUMBER
Classification number 338.9 ONO1993.
100 ## - MAIN ENTRY--PERSONAL NAME
Personal name Onosode Gamaliel;
9 (RLIN) 8158
245 ## - TITLE STATEMENT
Title Three Decades of Development Crises in Nigeria.
260 ## - PUBLICATION, DISTRIBUTION, ETC. (IMPRINT)
Place of publication, distribution, etc. Lagos.
Name of publisher, distributor, etc. Maltihouse Press Ltd.
Date of publication, distribution, etc. 1993.
300 ## - PHYSICAL DESCRIPTION
Extent 297p;
Other physical details ill;
Dimensions 18cm.
504 ## - BIBLIOGRAPHY, ETC. NOTE
Bibliography, etc index is included.
650 ## - SUBJECT ADDED ENTRY--TOPICAL TERM
Topical term or geographic name as entry element Development
9 (RLIN) 612
942 ## - ADDED ENTRY ELEMENTS (KOHA)
Source of classification or shelving scheme Dewey Decimal Classification
Koha item type Short Loan
Holdings
Withdrawn status Lost status Source of classification or shelving scheme Damaged status Not for loan Home library Current library Date acquired Source of acquisition Inventory number Total Checkouts Full call number Barcode Date last seen Price effective from Koha item type
    Dewey Decimal Classification     MUST Main Library MUST Main Library 20/04/2016   2000/14444.   338.9 ONO1993. 2016-1113 20/04/2016 20/04/2016 Short Loan
    Dewey Decimal Classification     MUST Main Library MUST Main Library 20/04/2016   2000/14445   338.9 ONO1993. 2016-1114 20/04/2016 20/04/2016 Short Loan